000
00293nam a22001337a 4500
008
210519b ||||| |||| 00| 0 eng d
041
_a
eng
080
_a
82
082
_a
82
100
_a
21
101
_a
GJL
245
_a
Ruper Brooke his Life and his Legend
_c
Lehmann,J
942
_2
udc
_c
BK
999
_c
57455
_d
57455